000 00379nam a2200145Ia 4500
008 191201s2005 xx 000 0 und d
082 _a627.042
_bPAH
100 _aPARR.Andrew
245 0 _aHydraulics and pneumatics a technician and…
250 _a10 IMP
260 _aN. delhi
_bJaico Publication House
_c2005
300 _a223
650 _aM.Tech (ME)
942 _2ddc
_cBK
_01
999 _c5224
_d5224